Documento di base. Il rinnovamento della catechesi. Testo promulgato dall’episcopato italiano. Commento a cura del Centro Catechistico salesiano (Record n. 35352)

Dettagli MARC
000 -LEADER
fixed length control field 00946nam a2200253Ia 4500
003 - CONTROL NUMBER IDENTIFIER
control field IT-RoPAU
005 - DATE AND TIME OF LATEST TRANSACTION
control field 20220918175908.0
008 - FIXED-LENGTH DATA ELEMENTS--GENERAL INFORMATION
fixed length control field 120407s9999 xx 000 0 und d
040 ## - CATALOGING SOURCE
Original cataloging agency IT-RoPAU
040 ## - CATALOGING SOURCE
Transcribing agency IT-RoPAU
041 ## - LANGUAGE CODE
Language code of text/sound track or separate title ita
245 ## - TITLE STATEMENT
Title Documento di base. Il rinnovamento della catechesi. Testo promulgato dall’episcopato italiano. Commento a cura del Centro Catechistico salesiano
250 ## - EDITION STATEMENT
Edition statement Torino
260 ## - PUBLICATION, DISTRIBUTION, ETC. (IMPRINT)
Place of publication, distribution, etc. Elle Di Ci
260 ## - PUBLICATION, DISTRIBUTION, ETC. (IMPRINT)
Date of publication, distribution, etc. 1970
300 ## - PHYSICAL DESCRIPTION
Extent 509 p.
300 ## - PHYSICAL DESCRIPTION
Dimensions 21 cm
490 ## - SERIES STATEMENT
Series statement Catechesi rinnovata L. 2200
490 ## - SERIES STATEMENT
Volume/sequential designation 1
600 ## - SUBJECT ADDED ENTRY--PERSONAL NAME
Personal name " 1 - Catechismo, Insegnamento I - Centro catechistico salesiano II - Tit.: Rinnovamento (Il) della catechesi. 238 BNI 70-2533+ "
9 (RLIN) 36222
710 ## - ADDED ENTRY--CORPORATE NAME
Corporate name or jurisdiction name as entry element Conferenza episcopale italiana
9 (RLIN) 36223
942 ## - ADDED ENTRY ELEMENTS (KOHA)
Koha item type LIBRO
Source of classification or shelving scheme Dewey Decimal Classification
Dati di copia
Withdrawn status Lost status Source of classification or shelving scheme Damaged status Not for loan Home library Current library Date acquired Total Checkouts Full call number Date last seen Price effective from Koha item type Public note
    Dewey Decimal Classification Buone Condizioni Not For Loan PAULUS-BIBLIOTECA PAULUS-BIBLIOTECA 11/04/2012   238.2.23 11/04/2012 11/04/2012 LIBRO Inserito da: Anna In data: 14 luglio 2011 fondo: Via A.Severo 56 Progr:6827
CREDITS: SOCIETA' SAN PAOLO Via A.Severo, 58 - ROMA (RM) & PERIODICI SAN PAOLO SRL Via Giotto, 36 MILANO & CISF Via Giotto, 36 MILANO & EDIZIONI SAN PAOLO SRL,  Piazza Soncino, 5 CINISELLO BALSAMO (MI) -- ITALY